MARC

LEADER 00000nam a22000007a 4500
005 20201028235640.0
007 cr|||| ||||
008 201028s2020 mx |||||s|||| 00||0 spa d
020 |a 978-607-563-065-6 
035 |a 32191 
040 |a vLex 
090 |c 10806  |d 10806 
100 1 |a Ma. Enriqueta Mancilla Rendn̤ 
245 1 0 |a Temas controversiales en materia fiscal  |h [Recurso electrn̤ico] /  |c Ma. Enriqueta Mancilla Rendn̤, Jessica Roco̕ Medina Gm̤ez, Guadalupe Santos Moreno, Yolanda Vega Vz̀quez, Ruy Alfredo Zr̀ate Chichitz, Juan de la Cruz Higuera Ornelas, Rubň Cuahutle Torres, Lucero Ortiz Rea, Damiǹ Cecilio Torres, Alfredo Efrň Garca̕ Alcǹtara 
256 |a Servicio en ln̕ea 
260 |a Ciudad de Mx̌ico:  |b Instituto Mexicano de Contadores Pb︢licos,  |c 2020 
300 |a 1 recurso electrn̤ico 
500 |a El Instituto Mexicano de Contadores Pb︢licos, A.C., por medio del Colegio de Contadores Pb︢licos de Mx̌ico, A.C. y su Comisin̤ de Desarrollo Profesional Fiscal 4 ren︢e, en este libro a prestigiados acadm̌icos, consultores y asesores para abordar tp̤icos selectos en materia fiscal. La presente obra pretende reflexionar acerca de diversos temas controversiales que impactan a Mx̌ico, tales como: el tratamiento fiscal del comercio digital, el pago de regala̕s por uso de marcas, las ml︢tiples implicaciones que tienen los intereses, el pago de salarios a extranjeros, el uso de centros de servicios compartidos, la importancia jurd̕ica de las reglas de carc̀ter general y el tratamiento fiscal del ISR pagado en el extranjero para personas fs̕icas residentes en Mx̌ico; todos los temas plantean soluciones desde la experiencia acadm̌ica y profesional de los autores. Estamos seguros de que el lector encontrar ̀de utilidad cada uno de los capt̕ulos, pues conocer ̀a detalle los aspectos ms̀ relevantes en materia fiscal y podr ̀aplicarlos en el desarrollo de su profesin̤. 
506 1 |a Disponible solo en los productos indicados  |d vLex Global  |d vLex Global (Academic Edition, excluding Law Schools)  |d vLex Global (U.S. Academic Edition, Law Schools)  |d vLex Global (U.S. Academic Edition, excluding Law Schools)  |d vLex Global (Academic Edition, Law Schools) 
650 0 4 |a Derecho Fiscal  |z Mx̌ico 
700 1 |a Medina Gm̤ez, Jessica Roco̕ 
700 1 |a Santos Moreno, Guadalupe 
700 1 |a Vega Vz̀quez, Yolanda 
700 1 |a Zr̀ate Chichitz, Ruy Alfredo 
700 1 |a Higuera Ornelas, Juan de la Cruz 
700 1 |a Cuahutle Torres, Rubň 
700 1 |a Ortiz Rea, Lucero 
700 1 |a Torres, Damiǹ Cecilio 
700 1 |a Garca̕ Alcǹtara, Alfredo Efrň 
740 0 |a vLex Libros (Servicio en ln̕ea) 
856 4 0 |u http://vlex.com/source/temas-controversiales-en-materia-fiscal-32191  |z Acceso restringido 
942 |c BOOK 
999 0 |a Tax Law